000 00464 a2200169 4500
003 Nust
005 20170207153540.0
040 _cNust
082 _a005.1
100 _aAftab, NC Shoohira BESE-12
245 _aRFID based automated Vehcile Surviellance system (Hard / Soft-copy)
_cNC Shoohira Aftab and NC Mariam Zia BESE-12
260 _bMCS
_cJuly 2010
300 _a82:p
538 _aAlmirah No 71 Shelf No 6
650 _aUG Projects
651 _aUG CS Projects
942 _cTHS
999 _c188345
_d188345